Hoạt động báo chí của Đại tướng Võ Nguyên Giáp /
Bewaard in:
| Hoofdauteur: | |
|---|---|
| Formaat: | Sách giấy |
| Taal: | Vietnamese |
| Gepubliceerd in: |
H. :
Lý luận Chính trị,
2005.
|
| Onderwerpen: | |
| Tags: |
Voeg label toe
Geen labels, Wees de eerste die dit record labelt!
|
| Thư viện lưu trữ: | Thư viện Trường Đại học Đà Lạt |
|---|
| LEADER | 00885nam a2200337 4500 | ||
|---|---|---|---|
| 001 | DLU080061795 | ||
| 005 | ##20080108 | ||
| 040 | # | # | |a DLU |b vie |
| 041 | # | # | |a vie |
| 044 | # | # | |a vn |
| 082 | # | # | |a 959.704 |b NG-T |
| 100 | # | # | |a Nguyễn Thành. |
| 245 | # | # | |a Hoạt động báo chí của Đại tướng Võ Nguyên Giáp / |c Nguyễn Thành. |
| 260 | # | # | |a H. : |b Lý luận Chính trị, |c 2005. |
| 300 | # | # | |a 615 tr. ; |c 21 cm. |
| 653 | # | # | |a Báo chí cách mạng |
| 653 | # | # | |a Cách mạng XHCN |
| 653 | # | # | |a Lịch sử hiện đại |
| 653 | # | # | |a Lịch sử Việt Nam |
| 653 | # | # | |a Tư tưởng chính trị |
| 653 | # | # | |a Võ Nguyên Giáp, 1911- |
| 923 | # | # | |a 24/2007 |
| 992 | # | # | |a 72000 |
| 994 | # | # | |a DLU |
| 900 | # | # | |a True |
| 911 | # | # | |a Nguyễn Thanh Hương |
| 925 | # | # | |a G |
| 926 | # | # | |a A |
| 927 | # | # | |a SH |
| 980 | # | # | |a Thư viện Trường Đại học Đà Lạt |